00000000nam##2200000za#4500
0019.574253
003CaOODSP
00520210624184108
007cr |||||||||||
008150406|2007||||xxc|||||o    f|0| 0 eng|d
022 |a1488-5379
040 |aCaOODSP|beng
043 |an-cn---
0861 |aFs97-6/2711E-PDF
1101 |aCanada. |bDepartment of Fisheries and Oceans.
24510|aPacific herring coded wire tagging study : |h[electronic resource]|b2005 recoveries / |cby L. Flostrand and J. F. Schweigert.
260 |aNanaimo - British Columbia : |bFisheries and Oceans Canada |c2007.
300 |a43p.|bmap, references, tables
4901 |aCanadian technical report of fisheries and aquatic sciences|x1488-5379|v2711
500 |aThe catalogue number (Fs97-6/2711E) and ISSN (0706-6457) for the print edition have been incorrectly copied in this electronic publication.
546 |a(Résumé en français)
590 |a12-27-Supp|b2012-06-12
7201 |aFlostrand, L.
7201 |aSchweigert, J. F.
7760#|tPacific herring coded wire tagging study, 2005 recoveries / |w(CaOODSP)9.618375
830#0|aCanadian technical report of fisheries and aquatic sciences,|x1488-5379|v2711|w(CaOODSP)9.504449
85640|ahttp://publications.gc.ca|qPDF|s148 KB|uhttps://publications.gc.ca/collections/collection_2012/mpo-dfo/Fs97-6-2711-eng.pdf|y2711